000 00549nam a22001697a 4500
999 _c16326
_d16326
008 170307b xxu||||| |||| 00| 0 eng d
020 _a0769277713
040 _aKABU
_cKABU
050 _aMT55
_b.A53 1986 C.1
100 _aAndrews, William G
245 _aFlementsof 18th century counterpoint
_cby William G. Andrews and Molly Sclater
260 _aUSA
_bThompson publications
_c1986
300 _a153 p.
650 _aCounterpoint
_vHistory
_yCentury
700 _aSclater, Molly
942 _2lcc
_cBK
_hMT55 .A53 1986 C.1